Central Library OPAC University of Rajshahi

The English mail-coach and other essays,/ (Record no. 85019)

MARC details
000 -LEADER
fixed length control field 00532cam a2200181u 4500
003 - CONTROL NUMBER IDENTIFIER
rucl marc code BD-RjUL
005 - DATE AND TIME OF LATEST TRANSACTION
control field 20250619144557.0
008 - FIXED-LENGTH DATA ELEMENTS--GENERAL INFORMATION
fixed length control field 250619s1919 enk 000 0 eng
035 ## - SYSTEM CONTROL NUMBER
System control number (BD-RjUL)
040 ## - CATALOGING SOURCE
Original cataloging agency DLC
Transcribing agency CarP
Modifying agency DLC
Language of cataloging eng
041 ## - LANGUAGE CODE
Language code of text/sound track or separate title eng
082 ## - DEWEY DECIMAL CLASSIFICATION NUMBER
Edition number 19
Classification number 824.8
Author mark and year DEE 1919
100 1# - MAIN ENTRY--PERSONAL NAME
Personal name De Quincey, Thomas,
Dates associated with a name 1785-1859.
9 (RLIN) 15475
245 14 - TITLE STATEMENT
Title The English mail-coach and other essays,/
Statement of responsibility, etc. Thomas De Quincey
260 ## - PUBLICATION, DISTRIBUTION, ETC. (IMPRINT)
Place of publication, distribution, etc. London,
-- Toronto,
Name of publisher, distributor, etc. J.M. Dent & sons, ltd.;
Date of publication, distribution, etc. 1919
300 ## - PHYSICAL DESCRIPTION
Pagination xvi, 339 p.
Size 18 cm.
942 ## - ADDED ENTRY ELEMENTS (KOHA)
Source of classification or shelving scheme Dewey Decimal Classification
Koha item type Books
Holdings
Lost status Source of classification or shelving scheme Damaged status Not for loan Collection code Permanent Location Current Location Shelving location Date acquired Total Checkouts Full call number Date last seen Copy number Koha item type
  Dewey Decimal Classification   Not For Loan Non-fiction Central Library, University of Rajshahi Central Library, University of Rajshahi Reading Room 19/06/2025   824.8 DEE 1919 19/06/2025 C-1 Books